| 000 | 00330nam a2200109Ia 4500 | ||
|---|---|---|---|
| 008 | 171211s9999 xx 000 0 und d | ||
| 245 | _aLet Love In: Open Your Heart and Mind to Attract Your Ideal Partner | ||
| 245 | _cDebra Berndt | ||
| 260 | _c2010 | ||
| 650 | _xTRAVEL | ||
| 856 | _uhttp://down.ebook777.com/014/9780470497494.pdf | ||
| 999 |
_c347723 _d347723 |
||